000 00898nam a2200217Ia 4500
999 _c35805
_d35805
003 GCL
005 20240530102955.0
008 140319s9999 xx 000 0 ara d
040 _aGCL /
_cGCL
082 0 4 _a961.2
_bف ل
100 1 _aفولايان، كولا
245 1 0 _aليبيا اثناء حكم يوسف باشا القرة مانلى /
_cتاليف كولا فولايان ؛ ترجمة عبدالقادر مصطفى المحيشى ؛ مراجعة صلاح الدين السورى
260 _a[S.N] :
_bمنشورات مركز دراسة جهاد الليبيين
300 _a245 ص
650 0 4 _aليبيا
650 0 4 _aالتاريخ العربى
650 0 4 _aالعالم العربى - تاريخ - العصر العثمانى
700 1 _a صلاح الدين السورى (مراجع)
700 1 _aعبدالقادر مصطفى المحبشى
942 _2ddc
_cBK